00656nam a22001697a 4500008004100000040005500041080002800096100002100124245006600145260004600211300001100257650001600268653001500284942001200299999001700311952015800328230515b |||||||| |||| 00| 0 eng d aNational Science LibrarycNational Science Library a551.444:502.65(540)bN2 aBasu, A K 98917 aEcological and resources study of the Ganga delta (in India)  aNew Delhi: bK P Bagchi & Company, c1992 a138p.  aEcological  aResources  2udccBK c29893d29893 00102udc40655144450265540_N270944937aNSLbNSLcGF/Rk-9/C-22/R-5d1993-02-25l0o551.444:502.65(540) N2p173507r2023-05-15 00:00:00w2023-05-15yBK